| 000 | 00596nam a2200229Ia 4500 | ||
|---|---|---|---|
| 008 | 160819s9999 xx 000 0 und d | ||
| 020 | _a0-684-17772-2 | ||
| 050 | _aCUL TP 505 | ||
| 050 | _b.G76 1983 | ||
| 100 | _aGrossman, Harold J. | ||
| 245 | _aGrossman's guide to wines, beers, and spirits / | ||
| 245 | _cHarold J. Grossman. | ||
| 250 | _a7th Edition | ||
| 260 | _aNew York : | ||
| 260 | _bWiley Pub. Inc., | ||
| 260 | _c1983 | ||
| 300 | _a638 pages : | ||
| 300 | _bcolor illustrations ; | ||
| 300 | _c24 cm. | ||
| 500 | _aIncludes index. | ||
| 650 | _aAlcoholic beverages. | ||
| 999 |
_c300643 _d300643 |
||